Score 0/20 Timer 03:00
0 Plays Today
% Correct
Romeo
95.1%
King
93.8%
Cleopatra
91.7%
Dream
91%
The
89%
Night
88.4%
Two
88.2%
Comedy
87.5%
Verona
87.4%
Of
86.9%
% Correct
Merry
85.8%
Tale
83.7%
About
76.8%
It
72.8%
For
68.4%
John
68.1%
Lost
65.1%
Athens
61.6%
That
60.9%
You
45.3%
Remove Ads.
Support Sporcle.
Get the best of Sporcle when you Go Orange. This ad-free experience offers more features, more stats, and more fun while also helping to support Sporcle. Thank you for becoming a member.

You're not logged in!

Compare scores with friends on all Sporcle quizzes.
OR
Log In

Show Comments

Extras

Top Quizzes Today


Score Distribution

Your Account Isn't Verified!

In order to create a playlist on Sporcle, you need to verify the email address you used during registration. Go to your Sporcle Settings to finish the process.

Report this User

Report this user for behavior that violates our Community Guidelines.

Details: